| 000 | 00662nam a2200157 4500 | ||
|---|---|---|---|
| 003 | LK-CoMWRAF | ||
| 005 | 20240118092554.0 | ||
| 008 | 231213b |||||||| |||| 00| 0 eng d | ||
| 040 |
_aLK-CoMWRAF _dLK-CoMWRAF _eLK-CoMWRAF |
||
| 041 | _asin | ||
| 082 |
_a305.42 _bCRI |
||
| 245 | _aක්රියාත්මක වීම සදහා වැඩ සටහන සහ බීජිං ප්රකාශනය | ||
| 246 | _aKriyathmaka weema sandaha wadasatahana saha beegin prakashanaya | ||
| 260 |
_aකොළඹ : _bශ්රී ලංකා රාජ්ය නොවන කාන්තා සංවිධාන එකමුතුව |
||
| 942 | _cBK | ||
| 999 |
_c4408 _d4408 |
||